Sociologie des classes populaires contemporaines (notice n° 1568786)

détails MARC
000 -LEADER
fixed length control field 01762cam a2200181 4500500
005 - DATE AND TIME OF LATEST TRANSACTION
control field 20251214005332.0
041 ## - LANGUAGE CODE
Language code of text/sound track or separate title fre
042 ## - AUTHENTICATION CODE
Authentication code dc
100 10 - MAIN ENTRY--PERSONAL NAME
Personal name Siblot, Yasmine
Relator term author
245 00 - TITLE STATEMENT
Title Sociologie des classes populaires contemporaines
260 ## - PUBLICATION, DISTRIBUTION, ETC.
Name of publisher, distributor, etc. Armand Colin,<br/>
Date of publication, distribution, etc. 2015.<br/>
520 ## - SUMMARY, ETC.
Summary, etc. Classes populaires, milieux populaires, quartiers populaires, électorat populaire… Autant d’expressions récurrentes dans les discours médiatiques et les débats politiques. Pourtant, la notion demeure floue, le « populaire » étant perçu tantôt comme une figure sociale inquiétante, tantôt comme une figure à revaloriser.Revenant sur plusieurs décennies de recherches et s’appuyant sur des travaux récents, cet ouvrage propose une analyse sociologique inédite. Après un retour sur la constitution d’une sociologie des classes populaires en France et ses enjeux, chaque chapitre comporte un cadrage empirique et une mise en perspective théorique : qui sont les ouvriers et les employés aujourd’hui ? Quels conditions et modes de vie caractérisent ces hommes et ces femmes ? Quelles sont les dynamiques qui animent ces groupes et en modifient sans cesse les contours ?Fondé sur des données historiques, statistiques et des enquêtes de terrain, enrichi de nombreux encadrés, ce manuel propose une lecture d’ensemble de la société française contemporaine, vue à partir des groupes populaires, qui en composent la majeure partie.
700 10 - ADDED ENTRY--PERSONAL NAME
Personal name Cartier, Marie
Relator term author
700 10 - ADDED ENTRY--PERSONAL NAME
Personal name Coutant, Isabelle
Relator term author
700 10 - ADDED ENTRY--PERSONAL NAME
Personal name Masclet, Olivier
Relator term author
700 10 - ADDED ENTRY--PERSONAL NAME
Personal name Renahy, Nicolas
Relator term author
856 41 - ELECTRONIC LOCATION AND ACCESS
Uniform Resource Identifier <a href="https://shs.cairn.info/sociologie-des-classes-populaires-contemporaines--9782200272166?lang=fr&redirect-ssocas=7080">https://shs.cairn.info/sociologie-des-classes-populaires-contemporaines--9782200272166?lang=fr&redirect-ssocas=7080</a>

Pas d'exemplaire disponible.

PLUDOC

PLUDOC est la plateforme unique et centralisée de gestion des bibliothèques physiques et numériques de Guinée administré par le CEDUST. Elle est la plus grande base de données de ressources documentaires pour les Étudiants, Enseignants chercheurs et Chercheurs de Guinée.

Adresse

627 919 101/664 919 101

25 boulevard du commerce
Kaloum, Conakry, Guinée

Réseaux sociaux

Powered by Netsen Group @ 2025